| 000 | 00398nam a2200145 a 4500 | ||
|---|---|---|---|
| 001 | 000047498 | ||
| 005 | 20201002060555.0 | ||
| 008 | 180608s19-- dr r 000 0 spa d | ||
| 040 |
_aDO-SdBNP _bspa _cBNPHU |
||
| 082 |
_axxxx _bxxxx |
||
| 245 | 0 | 0 | _aConstitución de la República Dominicana. |
| 260 |
_aSanto Domingo : _bs.n., _c19--. |
||
| 300 |
_a85 p. ; _c14 cm. |
||
| 590 | _aInventariado, 2019/BT | ||
| 999 |
_c46986 _d46986 |
||